<?xml version="1.0" encoding="UTF-8"?>
<collection xmlns:xsi="http://www.w3.org/2001/XMLSchema-instance" xsi:schemaLocation="http://www.loc.gov/MARC21/slim http://www.loc.gov/standards/marcxml/schema/MARC21slim.xsd" xmlns="http://www.loc.gov/MARC21/slim">
 <record>
  <leader>00000ccm a22000004a 4500</leader>
  <controlfield tag="001">UP-99796217606620284</controlfield>
  <controlfield tag="003">Buklod</controlfield>
  <controlfield tag="005">20230503092542.0</controlfield>
  <controlfield tag="006">a     r    |||| u|</controlfield>
  <controlfield tag="007">qu</controlfield>
  <controlfield tag="008">030904s1978    xx |||||||||||||| | eng d</controlfield>
  <datafield tag="035" ind1=" " ind2=" ">
   <subfield code="a">(iLib)UPD-00000409675</subfield>
  </datafield>
  <datafield tag="040" ind1=" " ind2=" ">
   <subfield code="a">DMUS</subfield>
  </datafield>
  <datafield tag="041" ind1=" " ind2=" ">
   <subfield code="a">ger</subfield>
  </datafield>
  <datafield tag="090" ind1=" " ind2=" ">
   <subfield code="a">LP 2533380</subfield>
  </datafield>
  <datafield tag="245" ind1="1" ind2="0">
   <subfield code="a">Concerti per flauto</subfield>
   <subfield code="h">[sound recording]</subfield>
   <subfield code="c">Mancini, Sarri, Barbella, Valentine.</subfield>
  </datafield>
  <datafield tag="264" ind1=" " ind2="1">
   <subfield code="a">West Germany</subfield>
   <subfield code="b">Polydor International GmbH</subfield>
   <subfield code="c">c1978.</subfield>
  </datafield>
  <datafield tag="300" ind1=" " ind2=" ">
   <subfield code="a">1 sound disc</subfield>
   <subfield code="b">33 1/3 rpm, stereo.</subfield>
   <subfield code="c">12 in.</subfield>
  </datafield>
  <datafield tag="500" ind1=" " ind2=" ">
   <subfield code="a">Archiv Produktion: 2533 380.</subfield>
  </datafield>
  <datafield tag="500" ind1=" " ind2=" ">
   <subfield code="a">Program notes in German by Susan H. A. Burns with translations in English by Gwyn Morris, in French by Jacques Fournier &amp; in Italian by Mario Venturi [4 p. ] on slipcase.</subfield>
  </datafield>
  <datafield tag="505" ind1="0" ind2=" ">
   <subfield code="a">Side 1. Sonata e-moll / Francesco Mancini ; Concerto a-moll / Domenico Sarii ; Sonata d-moll / Francesco Mancini -- Side 2. Sonata C-dur / Francesco Barbella ; Concerto B-dur / Roberto Valentine.</subfield>
  </datafield>
  <datafield tag="511" ind1="0" ind2=" ">
   <subfield code="a">Gudrun Heyens, flauto ; Musica Aniqua, Koln ; Reinhard Goebel, hajo ban, barock-violine ; Karlheinz Steeb, barock-viola ; Eva Bartos, viola da gamba ; Jonathan Cable, violone ; Henk Bouman, cembalo.</subfield>
  </datafield>
  <datafield tag="650" ind1=" " ind2="4">
   <subfield code="a">Concertos (Flute).</subfield>
  </datafield>
  <datafield tag="650" ind1=" " ind2="4">
   <subfield code="a">Sonatas (Flute).</subfield>
  </datafield>
  <datafield tag="700" ind1="1" ind2=" ">
   <subfield code="a">Mancini, Francesco</subfield>
   <subfield code="d">1672-1737.</subfield>
   <subfield code="t">Sonata e-moll. Sonata d-moll.</subfield>
  </datafield>
  <datafield tag="700" ind1="1" ind2=" ">
   <subfield code="a">Sarri, Domenico</subfield>
   <subfield code="d">1679-1744.</subfield>
   <subfield code="t">Concerto a-moll.</subfield>
  </datafield>
  <datafield tag="700" ind1="1" ind2=" ">
   <subfield code="a">Barbella, Francesco</subfield>
   <subfield code="d">1692-1732.</subfield>
   <subfield code="t">Sonata C-dur.</subfield>
  </datafield>
  <datafield tag="700" ind1="1" ind2=" ">
   <subfield code="a">Valentine, Roberto</subfield>
   <subfield code="d">1680-1735.</subfield>
   <subfield code="t">Concerto B-dur.</subfield>
  </datafield>
  <datafield tag="710" ind1="2" ind2=" ">
   <subfield code="a">Musica Aniqua, Koln.</subfield>
  </datafield>
  <datafield tag="842" ind1=" " ind2=" ">
   <subfield code="a">Music</subfield>
  </datafield>
  <datafield tag="905" ind1=" " ind2=" ">
   <subfield code="a">FO</subfield>
  </datafield>
  <datafield tag="950" ind1=" " ind2=" ">
   <subfield code="a">Sound recording</subfield>
  </datafield>
  <datafield tag="852" ind1="0" ind2=" ">
   <subfield code="a">UPD</subfield>
   <subfield code="b">DMUS</subfield>
   <subfield code="h">LP 2533380</subfield>
  </datafield>
  <datafield tag="942" ind1=" " ind2=" ">
   <subfield code="a">Music</subfield>
  </datafield>
 </record>
</collection>
